Handwriting, Grade 2M : (Record no. 105213)
[ view plain ]
| 000 -LEADER | |
|---|---|
| fixed length control field | 00524nam a2200181 a 4500 |
| 005 - DATE AND TIME OF LATEST TRANSACTION | |
| control field | 20140412111347.0 |
| 008 - FIXED-LENGTH DATA ELEMENTS--GENERAL INFORMATION | |
| fixed length control field | 050420s19uu xx 00 eng d |
| 020 ## - INTERNATIONAL STANDARD BOOK NUMBER | |
| International Standard Book Number | 0-88309-896-2 |
| 050 ## - LIBRARY OF CONGRESS CALL NUMBER | |
| Classification number | TR(GS 372.634 |
| Item number | Ha233 1991 |
| 245 ## - TITLE STATEMENT | |
| Title | Handwriting, Grade 2M : |
| Remainder of title | a way to self expression. |
| 250 ## - EDITION STATEMENT | |
| Edition statement | Teacher Edition |
| 260 ## - PUBLICATION, DISTRIBUTION, ETC. (IMPRINT) | |
| Place of publication, distribution, etc | Columbus, ohio : |
| Name of publisher, distributor, etc | Zaner-Bloser, Inc, |
| Date of publication, distribution, etc | 1991. |
| 300 ## - PHYSICAL DESCRIPTION | |
| Extent | Z32 p. ; T111 p. |
| 440 ## - SERIES STATEMENT/ADDED ENTRY--TITLE | |
| Title | Zaner-Bloser |
| 650 ## - SUBJECT ADDED ENTRY--TOPICAL TERM | |
| Topical term or geographic name as entry element | Penmanship |
| General subdivision | Juvenile literature |
| Withdrawn status | Lost status | Damaged status | Home library | Current library | Shelving location | Date acquired | Source of acquisition | Total Checkouts | Full call number | Barcode | Date last seen | Price effective from | Koha item type |
|---|---|---|---|---|---|---|---|---|---|---|---|---|---|
| Elizalde Library | Elizalde Library | Teachers Reference Section | 04/20/2005 | TR(GS 372.634 Ha233 1991 | E9627 | 04/12/2014 | 04/12/2014 | Books | |||||
| Elizalde Library | Elizalde Library | Teachers Reference Section | 04/25/2005 | TR(GS 372.634 Ha233 1991 | E9944 | 04/12/2014 | 04/12/2014 | Books |